بلوچستان میں سفیران اہل بیت (Record no. 66436)
[ view plain ]
| 000 -LEADER | |
|---|---|
| fixed length control field | 00439nam a22001457a 4500 |
| 005 - DATE AND TIME OF LATEST TRANSACTION | |
| control field | 20150220153732.0 |
| 008 - FIXED-LENGTH DATA ELEMENTS--GENERAL INFORMATION | |
| fixed length control field | 150220b xxu||||| |||| 00| 0 eng d |
| 040 ## - CATALOGING SOURCE | |
| Transcribing agency | PK-LaUMT |
| 082 ## - DEWEY DECIMAL CLASSIFICATION NUMBER | |
| Classification number | KHC 297.82092 |
| Item number | DUR-B |
| 100 ## - MAIN ENTRY--PERSONAL NAME | |
| Personal name | درانی، زیڈ، ایچ |
| 245 ## - TITLE STATEMENT | |
| Title | بلوچستان میں سفیران اہل بیت |
| Statement of responsibility, etc | زیڈ، ایچ درانی |
| 260 ## - PUBLICATION, DISTRIBUTION, ETC. (IMPRINT) | |
| Place of publication, distribution, etc | کوئٹہ |
| Name of publisher, distributor, etc | عترت پبلیشرز |
| Date of publication, distribution, etc | 2004 |
| 300 ## - PHYSICAL DESCRIPTION | |
| Extent | 183 ص |
| 942 ## - ADDED ENTRY ELEMENTS (KOHA) | |
| Koha item type | Books |
| Withdrawn status | Lost status | Damaged status | Home library | Current library | Date acquired | Full call number | Barcode | Date last seen | Price effective from | Koha item type |
|---|---|---|---|---|---|---|---|---|---|---|
| UMT Main Campus | UMT Main Campus | 2015-02-20 | KHC 297.82092 DUR-B | 70928 | 2015-02-20 | 2015-02-20 | Books |
